000 00821nam a22002417a 4500
003 0
005 20251001084740.0
008 251001b xxu||||| |||| 00| 0 eng d
020 _a978-1-032-61255-3
050 _aBF 121
_b.B47 2025
100 _aBernstein, Douglas S.,
_eauthor.
245 _aTeaching psychology :
_ba step-by-step guide /
_cDouglas A. Bernstein, Sue Frantz, and Stephen L. Chew.
250 _aFourth edition.
260 _aNew York, NY :
_bRoutledge,
_c2025.
300 _axi, 410 pages ;
_c23 cm.
504 _aIncludes bibliographical references and index.
650 _aPsychology
_xStudy and teaching (Higher).
650 _aCollege teaching.
650 _aEducational psychology
_xMethodology.
700 _aFrantz, Sue,
_eauthor.
700 _aChew, Stephen L.,
_eauthor.
942 _2lcc
_cBK
999 _c368166
_d368166